General Geology / (Record no. 183768)

000 -LEADER
fixed length control field 00700 a2200205 4500
003 - CONTROL NUMBER IDENTIFIER
control field Nust
005 - DATE AND TIME OF LATEST TRANSACTION
control field 20230717103726.0
010 ## - LIBRARY OF CONGRESS CONTROL NUMBER
LC control number 77082428
020 ## - INTERNATIONAL STANDARD BOOK NUMBER
International Standard Book Number 0675084407
040 ## - CATALOGING SOURCE
Transcribing agency Nust
082 00 - DEWEY DECIMAL CLASSIFICATION NUMBER
Classification number 551,FOS
100 1# - MAIN ENTRY--PERSONAL NAME
Personal name Foster, Robert J.
9 (RLIN) 40254
245 10 - TITLE STATEMENT
Title General Geology /
Statement of responsibility, etc. Robert J. Foster.
250 ## - EDITION STATEMENT
Edition statement 3rd ed.
260 ## - PUBLICATION, DISTRIBUTION, ETC.
Place of publication, distribution, etc. Columbus, Ohio :
Name of publisher, distributor, etc. Merrill,
Date of publication, distribution, etc. c1978.
300 ## - PHYSICAL DESCRIPTION
Extent xi, 576 p. :
Other physical details ill. ;
Dimensions 27 cm.
505 ## - FORMATTED CONTENTS NOTE
Formatted contents note Introduction (Page-1), Composition of the Crust - Minerals and Rocks (Page-21), The External Processes – Erosion (Page-135), Internal Processes – Structural Geology (Page-243), Earth History (Page-329).
650 #0 - SUBJECT ADDED ENTRY--TOPICAL TERM
Topical term or geographic name entry element Geology.
942 ## - ADDED ENTRY ELEMENTS (KOHA)
Source of classification or shelving scheme
Koha item type Book
Call number prefix 551,FOS
Holdings
Withdrawn status Lost status Source of classification or shelving scheme Damaged status Not for loan Permanent Location Current Location Shelving location Date acquired Full call number Barcode Date last seen Price effective from Koha item type Public note
          Military College of Signals (MCS) Military College of Signals (MCS) General Stacks 12/12/2016 551,FOS MCS21681 12/08/2016 12/12/2016 Book Almirah No.77, Shelf No.5
© 2023 Central Library, National University of Sciences and Technology. All Rights Reserved.